Gaming Quiz

Random Gaming or Quote Quiz

Persona 4 Bosses by Quotes Quiz Stats

 Plays Quiz not verified by Sporcle

Score 0/12 Timer 05:00
0 Plays Today
Quote Boss % Correct
I'm better than her...much, much better than her.Shadow Chie
92.3%
They look at me like some...some disgusting THING and say that I'm a weirdo!Shadow Kanji
90.3%
She can't take me away from here! She can't save me!Shadow Yukiko
89.8%
Actually, I'm the one who thinks everything is a pain in the @$$!Shadow Yosuke
89.4%
Let my naked truth be burned into your brains!Shadow Rise
86.5%
You'll kick my @$$, huh? Fine...go ahead and try, you lizard-brained imbecile!!Shadow Naoto
80%
I thought I could just leave you be, but you're like a plague...I'll have to get rid of all of you!Tohru Adachi
79.8%
Drunk with the truth, you exceeded your role, and became too involved ... Now, learn for yourselves whose wrath you have brought down...Izanami
74%
I'm a Savior...a righteous hero...Shadow Namatame
72.7%
You sought the truth, only to find death...Shadow Teddie
72.5%
I...have nothing...I am nothing...and you...are me...Shadow Mitsuo
67.2%
I shall descend upon the united world ... as the master of order.Ameno-sagiri
58.7%

You're not logged in!

Compare scores with friends on all Sporcle quizzes.
OR
Log In

Show Comments

Extras

Created Nov 14, 2010ReportNominate
Tags:Quote Quiz, boss, persona, shadow, villains

Top Quizzes Today


Score Distribution

Your Account Isn't Verified!

In order to create a playlist on Sporcle, you need to verify the email address you used during registration. Go to your Sporcle Settings to finish the process.

Report this User

Report this user for behavior that violates our Community Guidelines.

Details: